[Event "Biel GM 50th"]
[Site "Biel"]
[Date "2017.07.24"]
[Round "1"]
[White "Morozevich, Alexander"]
[Black "Hou, Yifan"]
[Result "0-1"]
[WhiteElo "2675"]
[BlackElo "2666"]
[Annotator "Sumets,A"]
[PlyCount "74"]
[EventDate "2017.07.24"]
[EventType "tourn"]
[EventRounds "9"]
[EventCountry "SUI"]
[EventCategory "16"]
[SourceTitle "CBM 180"]
[Source "ChessBase"]
[SourceDate "2017.09.13"]
[SourceVersion "1"]
[SourceVersionDate "2017.09.13"]
[SourceQuality "1"]

1. Nf3 Nf6 2. g3 d5 3. Bg2 e6 4. O-O Be7 5. d3 O-O ({Another way is} 5... a5 $5
6. Nbd2 a4 7. a3 Nc6 8. e4 dxe4 9. dxe4 e5 10. b4 axb3 11. cxb3 Be6 12. Bb2 Nd7
13. b4 f6 14. Qc2 Nb6 15. Rfd1 Qb8 16. Rac1 Kf7 17. Bf1 (17. Nh4 Rd8 $11) 17...
Rd8 18. Bb5 Na7 19. Be2 $14 {Adly,A (2607)-Hesham,A (2400) Kampala UGA 2016
1-0 (29)}) 6. Nbd2 c5 7. e4 Nc6 8. Re1 Qc7 ({The main line is} 8... b5 9. e5 (
9. a4 $5 {I think that White should try} b4 10. exd5 {for example} Nxd5 (10...
exd5 11. d4 h6 12. dxc5 Bxc5 13. Nb3 Bb6 14. Be3 Bf5 15. Bxb6 Qxb6 16. a5 Qc7
17. Nfd4 $14 {Petrosian,T (2671)-Svetushkin,D (2592) Moscow 2015 1-0 (78)}) 11.
Nc4 Bb7 12. h4 h6 13. Bd2 Qc7 14. a5 Rad8 15. c3 Bf6 16. Qc2 Ba6 17. Nh2 Rfe8
18. Ng4 Be7 19. Nge5 (19. Qa4 $5 bxc3 20. bxc3 Qd7 21. Rac1 Rc8 22. Qa2 $13)
19... Nxe5 20. Nxe5 Bf6 21. Ng4 bxc3 22. bxc3 Be7 23. Ne5 Bf6 24. Ng4 Be7 25.
Ne5 Bf6 26. Ng4 {1/2 (26) Malakhov,V (2694)-Matlakov,M (2689) Berlin GER 2015})
9... Nd7 10. Nf1 a5 ({Against Nakamura Hou Yifan played} 10... Bb7 {and got an
equal position:} 11. h4 b4 12. Bf4 a5 13. N1h2 Ra6 $5 {A useful move. Black
can double pieces on the c-file or even prepare f6.} 14. c3 a4 15. a3 bxc3 16.
bxc3 Qa5 17. c4 Nd4 18. Nxd4 cxd4 19. h5 h6 20. Ng4 (20. Bd2 Qc7 21. cxd5 Bxd5
22. Bxd5 exd5 23. Nf3 Nc5 $11) 20... Kh7 21. Bd2 Qd8 22. Bb4 Nc5 $11 {Nakamura,
H (2786)-Hou Yifan (2652) Moscow RUS 2017 1/2 (50)}) 11. Bf4 b4 12. h4 a4 13.
N1h2 {Now Black can play 13...a3 and White will never play c4, that is an
important idea for this line:} ({The main line is} 13. a3 bxa3 14. bxa3 Ba6 15.
Ne3 (15. h5 Rc8 16. Ne3 Nd4 17. Nd2 (17. h6 $5 g6 (17... Nxf3+ 18. Qxf3 g5 19.
Nd1 Kh8 20. Bd2 $14) 18. c4 Nb6 19. cxd5 Nxd5 20. Nxd5 Qxd5 21. Bg5 Bxg5 (21...
Qd8 22. Bxe7 Nxf3+ 23. Bxf3 Qxe7 24. Qxa4 Bxd3 25. Qf4 $14) 22. Nxg5 Qd8 23.
Ne4 Qc7 24. Nd6 Rb8 25. Qxa4 Bxd3 $132) 17... Bg5 $1 18. Bxg5 Qxg5 19. c3 Nxe5
(19... Nb3 $5 20. Nxb3 axb3 21. c4 Nxe5 22. f4 Qxg3 23. fxe5 Rb8 24. Rb1 dxc4
25. Nxc4 Rfd8 26. Re3 Qg5 27. Qe1 Rd4 $44) 20. cxd4 cxd4 21. Nxd5 Nxd3 $13 {
Bachmann,A (2646)-Pichot,A (2556) Buenos Aires ARG 2017 0-1 (48)}) 15... Rb8
16. c4 dxc4 17. Nxc4 Nb6 18. Nd6 Nd5 19. Qxa4 Rb6 20. Rac1 Nxf4 21. Qxf4 Nxe5
22. Nxe5 Bxd6 $11 {Svidler,P (2756)-Karjakin,S (2772) Loo 2014 1/2 (28)}) 13...
a3 14. b3 Bb7 15. Bh3 (15. h5 Na7 16. h6 g6 17. Qd2 Nb5 $11) 15... Rc8 16. Rc1
(16. Ng5 Nd4 $1 (16... Qe8 $6 17. Ng4 Nd4 18. Ne3 Kh8 19. Bg2 Nxe5 $2 20. Bxe5
f6 21. Bxd4 cxd4 22. Nxe6 $16 {Firouzja,A (2372)-Neelotpal,D (2475) Doha QAT
2015 1-0 (59)}) 17. Rc1 h6 $17 18. Qh5 $2 hxg5 19. hxg5 g6 20. Qh6 Re8 $19)
16... Re8 17. Ng5 Bxg5 18. hxg5 (18. Bxg5 Qc7 19. Ng4 d4 20. Bg2 Ne7 $11) 18...
Nf8 19. Qh5 Nd4 20. Bg2 Re7 21. Ng4 c4 $6 (21... Ng6 22. Bd2 Qb6) 22. Nf6+ Kh8
23. dxc4 dxc4 24. Rcd1 cxb3 25. cxb3 $6 (25. Bxb7 $1 Rxb7 26. cxb3 gxf6 27.
gxf6 Ng6 28. Be3 $18) 25... Bxg2 26. Kxg2 Qb6 27. Re4 $2 (27. Ne4 Nf5 28. Nd6
$16) 27... Nf5 28. Ng4 Qb7 $19 {Duda,J (2707)-So,W (2810) Leon ESP 2017 0-1 
(40)}) 9. c3 (9. Qe2 b5 10. Nf1 dxe4 {I don't like this plan but according to
the computer's evaluation, Black is OK after 11.dxe4 b4.} 11. dxe4 e5 $6 12. c3
b4 13. Ne3 $1 bxc3 14. bxc3 Qa5 15. Nd5 Bd8 16. a4 Ba6 17. Qc2 Rc8 18. Bg5 $16
{Nisipeanu, L (2687)-Ragger,M (2700) Austria AUT 2016 1-0 (50)}) 9... b6 10. e5
(10. exd5 exd5 11. Nf1 h6 12. Bf4 Qd8 $6 (12... Bd6 13. Bxd6 Qxd6 14. d4 Be6 (
14... Bg4 15. Ne3 Bh5 16. Qd2 Rae8 17. dxc5 bxc5 18. Nh4 $14) 15. Ne5 Rac8 16.
a3 Rfe8 {Black has good chances to equalise the game.}) 13. Ne5 Nxe5 14. Bxe5
Be6 15. Ne3 Qd7 16. d4 Rad8 17. Qe2 $14 Ng4 $2 18. Bxg7 Rfe8 (18... Kxg7 19.
Nxg4 Bxg4 20. Qxe7 $16) 19. Be5 $16 {Zvjaginsev,V (2679)-Shachar,E (2374)
Caleta ENG 2017 1-0 (31)}) 10... Nd7 11. Qe2 a5 (11... Ba6 12. Nf1 Rae8 13. Bf4
Qd8 14. Qd2 f6 $6 15. exf6 Bxf6 16. d4 Bxf1 17. Kxf1 Rf7 18. Re2 Nf8 19. Rae1
$16 {Titov,G (2490)-Beliavsky,A (2620) Debrecen 1992 1/2 (90)}) 12. Nf1 a4 13.
Bf4 Bb7 $146 {An interesting novelty, Black wants to play ...Rfc8, ...Qd8,
taking the g5-square under control, then Black can start counterplay on the
queenside.} (13... Rd8 14. h4 Nf8 15. h5 b5 16. N1h2 (16. h6 $1 g6 17. Ne3 Bb7
18. Ng4 $16) 16... h6 17. Ng4 Nh7 18. a3 b4 19. c4 (19. axb4 cxb4 20. Rec1 b3
21. c4 Qb7 $132) 19... b3 20. Qe3 (20. cxd5 $5 Rxd5 21. Ne3 Rd8 22. Nc4 Bb7 23.
Rac1 $14) 20... Bf8 21. cxd5 Rxd5 $11 {Markovic,M (2462)-Hjelmaas,L (2261)
Novi Sad SRB 2017 1-0 (51)}) 14. h4 Rfc8 15. Ne3 Qd8 16. h5 b5 17. Nxd5 $1 exd5
18. e6 Nf8 $1 {Probably Alexander counted on 18...fxe6, in this case White has
an advantage due to 22.Bxc8:} (18... fxe6 $6 19. Qxe6+ Kh8 20. Bh3 Nf8 (20...
Nb6 $2 21. h6 $1 {Black has no moves.} Qg8 (21... Bf6 22. Qf7 Rab8 23. Ng5 Qg8
24. Bxc8 $18) 22. Qxe7 $1 Nxe7 23. Rxe7 Rc6 24. Rxb7 Rxh6 $8 25. Bxh6 gxh6 26.
Rxb6 $18) 21. Qf7 Qe8 22. Bxc8 $1 {the point of Nxd5} Qxf7 (22... Rxc8 23. Qxe8
Rxe8 24. Bd6 $16) 23. Bxb7 {Black should find} Bd6 $1 (23... Qe8 24. Bxc6 Qxc6
25. Rxe7 d4 26. Ne5 Qf6 27. Bg5 $16) (23... Rd8 24. Bxc6 Ne6 25. Ne5 Qf5 26.
Bd7 Rxd7 $8 27. Nxd7 Kg8 28. Re2 Nxf4 (28... Qh3 29. Bd2 Bg5 30. Rae1 Bxd2 31.
Rxd2 Ng5 32. Ne5 Qxh5 33. d4 $16) 29. Rxe7 Qxh5 30. Rae1 $18) 24. Bxa8 Bxf4 25.
Bxc6 Bxg3 26. fxg3 Qxf3 27. Kh2 h6 28. Re8 Kh7 29. Rae1 Qxh5+ 30. Kg2 $14) 19.
exf7+ Kxf7 {The position which has arisen is very complicated. White has
enough compensation for the sacrificed material but he needs to play very
precisely.} 20. h6 $6 {Alexander had many options and I believe he should have
chosen between 20.Bh3 and 20.d4. Let's examine some of them:} (20. Bh3 Kg8 21.
Be6+ Nxe6 (21... Kh8 22. Bxc8 Qxc8 (22... Bxc8 23. Ne5 Nxe5 24. Bxe5 Bf6 25. h6
Ra7 26. hxg7+ Rxg7 27. Bxf6 Qxf6 28. Qe5 Qf7 29. Qe8 Bg4 $13) 23. d4 cxd4 24.
Nxd4 Bf6 25. Qxb5 Qd7 26. Re3 (26. Qb6 Nxd4 $1 (26... Ra6 27. Qb5 Ra8 28. Qb6
$11) 27. cxd4 Ra6 28. Qc7 Qxc7 29. Bxc7 Bxd4 30. Re8 Rf6 31. Be5 Bxe5 32. Rxe5
Rb6 $15) 26... Nxd4 27. Qxd7 Nxd7 28. cxd4 Bxd4 29. Re7 Bc6 30. Rc1 Bb5 31. Rc7
$11) 22. Qxe6+ Kh8 23. h6 $1 Bf6 24. hxg7+ Kxg7 (24... Bxg7 25. Ng5 Qf6 26. Qd7
$1 (26. Nf7+ $2 Kg8 27. Nh6+ Kh8 28. Nf7+ $11) 26... Ra7 (26... Na5 27. Qh3 $1
Qg6 28. Re6 Qxd3 29. Nf7+ Kg8 30. Ne5 Qc2 31. Re7 Ra6 32. Rxb7) 27. Re6 Ba6 28.
Qxd5 Ne7 29. Qh1 Qf5 30. Rae1 Ng8 (30... Bb7 31. Qh5 Bd5 32. Rxe7 Rxe7 33. Rxe7
Rf8 34. Qe2 $18) 31. Rxa6 $1 Rxa6 32. Qxh7+ Qxh7 33. Nf7#) 25. Qf5 $5 (25. Kg2
$5 d4 (25... Ra6 $6 26. Rh1 Qe7 27. Qf5 Kg8 28. Rae1 Qf7 29. Qg4+ Kh8 30. Ng5
Bxg5 31. Bxg5 d4 32. f3 Na5 (32... Qg7 33. Rxh7+ Kxh7 34. Qe6 $18) (32... b4
33. Rxh7+ Kxh7 34. Rh1+ Kg7 35. Bh6+ Kf6 36. Qf4+ Ke6 37. Re1+ $18) 33. Re7
Bxf3+ 34. Qxf3 Qxf3+ 35. Kxf3 Rf8+ 36. Ke4 $18) 26. Qf5 Kg8 (26... dxc3 $4 27.
Rh1 Qh8 28. Bh6+ Kf7 29. Qd7+ Ne7 30. Qxb7 $18) 27. Re6 Ne7 28. Qxf6 Ng6 29.
cxd4 Qxf6 30. Rxf6 Rf8 $44) 25... Ne7 (25... Rc7 $6 26. Bxc7 Qxc7 27. Ng5 Bxg5
28. Qxg5+ Kh8 29. Re6 Rf8 30. Rae1 Qg7 31. Qxg7+ Kxg7 32. Rd6 $14 {Black needs
to fight for a draw.}) (25... Qg8 $2 26. Ne5 Nxe5 27. Bxe5 Qf7 28. Qg5+ $18)
26. Rxe7+ $1 Qxe7 27. Re1 Qf7 28. Ng5 Bxg5 (28... Qg6 $6 29. Qd7+ Kg8 30. Qxb7
Bxg5 31. Qxd5+ Qf7 32. Qxg5+ Qg6 33. Qd5+ Qf7 34. Re6 $16) 29. Qxg5+ Qg6 30.
Re7+ (30. Qe7+ Qf7 (30... Kg8 31. Qxb7 Qc6 32. Qe7 Re8 33. Qg5+ {and Black
needs to play precisely to avoid problems}) 31. Qg5+ $11) 30... Kg8 31. Qxg6+
hxg6 32. Rxb7 a3 33. Rxb5 axb2 34. Rxb2 Ra3 $15 {White must fight for a draw.})
(20. d4 {White wins the b5-pawn and in some lines he can even trade queens.}
Kg8 (20... c4 21. h6 Kg8 22. hxg7 Kxg7 23. Qe3 Qd7 24. Bh6+ Kh8 25. Ne5 Qe6 26.
Nxc4 bxc4 27. Qxe6 Nxe6 28. Rxe6 $44) (20... cxd4 $2 21. Qxb5 Na5 22. Rxe7+
Qxe7 23. Ng5+ Kg8 24. Bxd5+ Bxd5 25. Qxd5+ Kh8 26. Nf7+ Kg8 27. Nh6+ Kh8 28.
Qg8#) 21. dxc5 Bxc5 22. Qxb5 (22. h6 gxh6 23. Qxb5 Qb6 24. Qxb6 Bxb6 25. Nh4
Ra5 26. Nf5 Ng6 27. Nd6 Rb8 28. Bd2 Ba8 29. c4 $44) 22... Na5 (22... Qb6 23.
Qxb6 Bxb6 24. Nh4 Na5 25. Nf5 Re8 26. Rxe8 Rxe8 27. Nd6 Rd8 28. Nxb7 Nxb7 29.
c4 $44) 23. Bh3 d4 24. cxd4 Bxf3 25. Bxc8 Qxc8 26. Re3 Ne6 27. dxc5 Bd5 28. Qd3
Nxf4 29. gxf4 Qg4+ 30. Rg3 Qxh5 31. Rh3 Qg4+ 32. Rg3 Qh5 {All these lines are
too complicated and can't be found without a computer.}) 20... Bf6 21. Nh2 (21.
d4 $5 {To compare with the line 20.d4: after Qxb5 Black doesn't have ...Qb6.}
cxd4 $1 {the inclusion of the moves 20.h6 Bf6 allows Black to take on d4.} (
21... c4 22. Bh3 Kg8 23. hxg7 Kxg7 (23... Bxg7 24. Be6+ Nxe6 25. Qxe6+ Kh8 26.
Ng5 Qf6 27. Qd7 $18) 24. Qe3 Qe7 25. Bh6+ Kg8 26. Qf4 Qf7 27. Ng5 Bxg5 28.
Qxg5+ Kh8 29. Bxc8 Rxc8 30. Re3 $16) 22. Bh3 gxh6 23. Bxc8 (23. Bxh6 Rc7 24.
cxd4 Bc8 $17) 23... Rxc8 24. cxd4 Nxd4 25. Nxd4 Bxd4 26. Rac1 Qd7 $15 {The
position remains complicated but Black has better chances.}) (21. Bh3 gxh6 22.
Bxc8 Bxc8 23. Ne5+ Nxe5 24. Bxe5 Be6 25. d4 c4 26. Qh5+ Kg7 27. Bf4 Qe7 28.
Bxh6+ Kg8 $15) 21... Ne7 {Now White could have got good compensation for the
sacrificed material.} ({I think Hou Yifan should have preferred} 21... Kg8 $1
22. Qh5 (22. hxg7 Bxg7 23. Ng4 Ra6 24. Bh3 d4 $1 $17) 22... Ne7 23. Ng4 Nfg6
24. hxg7 Bxg7 25. Bg5 Rc7 26. Nf6+ Bxf6 27. Bxf6 Ra6 28. Qg5 Qf8 29. Be5 Rc8
$17) 22. Bh3 $6 {After this move White is in trouble, maybe Alexander has
forgotten that after 21...Ne7 Black's rook can go to c6.} (22. hxg7 Kxg7 23.
Ng4 Neg6 24. Bh6+ Kh8 25. f4 $1 Nd7 (25... Bg7 26. Bxg7+ Kxg7 27. f5 Qg5 28.
fxg6 Nxg6 29. Ne3 Rf8 30. Qg4 $11) 26. Qe6 Bg7 27. Bxd5 Bxd5 28. Qxd5 Qf8 $1
$15) 22... Rc6 $1 {Now Black shouldn't give up an exchange.} 23. Ng4 Neg6 ({
I think that} 23... Nfg6 $5 {would be even stronger:} 24. Bd2 Bc8 25. Bg2 Raa6
$17 {Black should win this game.}) 24. Bd2 d4 $1 25. hxg7 Kxg7 26. Qf3 $6 ({
The last chance was} 26. Nxf6 $5 Qxf6 27. cxd4 cxd4 28. f4 Rc2 29. Rac1 Rxc1 (
29... Qc6 $2 30. Bg2 Qxg2+ 31. Qxg2 Bxg2 32. Rxc2 Bh3 33. Rc5 $14) 30. Rxc1 Bc6
31. Qg4 Ra7 $17 {White still has practical chances.} 32. f5 (32. Rc5 Nd7 33.
Rh5 Qe7 $19) 32... h5 $1 33. Qxh5 Ne5 $19) 26... Rb6 $1 27. Qf5 Qd5 $1 $19 {
White must trade queens and he has no compensation for the sacrificed knight.}
28. Bh6+ Kf7 29. Qxd5+ Bxd5 30. Nxf6 Rxf6 31. cxd4 Nh4 $1 {Nice tactics,
depriving White of any hopes to save the game.} 32. gxh4 Rxh6 33. Re5 Rd8 34.
Rf5+ Rf6 35. dxc5 Ng6 36. c6 Bxc6 37. Rc1 Rdd6 0-1

[Event "Biel GM 50th"]
[Site "Biel"]
[Date "2017.07.28"]
[Round "5"]
[White "Hou, Yifan"]
[Black "Navara, David"]
[Result "1-0"]
[WhiteElo "2666"]
[BlackElo "2737"]
[Annotator "Mekhitarian,K"]
[PlyCount "79"]
[EventDate "2017.07.24"]
[EventType "tourn"]
[EventRounds "9"]
[EventCountry "SUI"]
[EventCategory "16"]
[SourceTitle "CBM 180"]
[Source "ChessBase"]
[SourceDate "2017.09.13"]
[SourceVersion "1"]
[SourceVersionDate "2017.09.13"]
[SourceQuality "1"]

1. e4 c5 2. Nf3 d6 3. d4 cxd4 4. Nxd4 Nf6 5. Nc3 a6 6. Be3 Ng4 7. Bg5 h6 8. Bc1
$5 {An interesting idea, playing a normal Najdorf (if Black plays ...Nf6, for
example), with an additional ...h6 already played, that may prove harmful to
Black's position. My good friend and IM Diego Di Berardino suggested this idea
back in 2008, when we were playing tournaments in Europe, together with other
Brazilian friends. He played it twice with good results. Now they have finally
heard him and the line has become fashionable! :-D} Nc6 (8... Nf6 9. Bd3 $5 {
is one of the possible ways to try exploiting the ...h6-move} e5 10. Nde2 Be7
11. O-O O-O 12. Ng3 {Ideas connected with Nd5 look good now, because Black
should try to play with ...g6 after exchanging on d5, and with ...h6, that
becomes a problem suddenly} Nbd7 $6 13. a4 $1 Nc5 14. Be2 Be6 15. Bf3 Rc8 16.
Re1 Qd7 17. a5 Rfd8 18. Nd5 Bxd5 19. exd5 Re8 20. c4 $16 {1/2-1/2 (66)
Grischuk,A (2750)-Vachier Lagrave,M (2795) Moscow 2017}) 9. Nxc6 $5 (9. Be2 {
a move I played and with which I was able to achieve a better endgame after
some exchanges:} Qb6 (9... Nf6 10. Be3 e5 11. Nb3 Be6 12. O-O Be7 13. Nd5 O-O
14. Bf3 Bxd5 15. exd5 Nb8 16. a4 a5 17. Qd3 Nfd7 18. Qb5 Qc7 19. Be2 b6 20. Nd2
Nc5 21. c3 f5 22. b4 f4 23. Bxc5 dxc5 24. bxa5 Rxa5 25. Qb3 Bd6 26. Nc4 e4 27.
f3 Nd7 28. Nxa5 bxa5 29. Rab1 Ne5 30. Qc2 e3 31. Qe4 Qe7 32. Rb6 Rf6 33. Rfb1
Rg6 34. Qxf4 Rf6 35. Qe4 Qf8 36. Qxe3 c4 37. Kh1 Bc5 38. Rxf6 {1-0 (38) Di
Berardino,D (2502)-De Groote,E (2208) Hoogeveen 2008}) 10. Bxg4 Qxd4 11. O-O (
11. Qxd4 $1 {was even more precise} Nxd4 12. Bd1 $14 {followed by Nd5 or Na4})
11... Qxd1 $6 (11... Bxg4 $1 12. Qxg4 e6 {I felt I had a big development
advantage, but my c3-knight for example is not well placed, while Black has
free development} 13. Rd1 Qf6 $11 {with ...Be7 and 0-0 to follow}) 12. Bxd1 e6
13. Na4 $1 Be7 14. Nb6 $14 {which White guarantees a small advantage in the
endgame, getting the bishop pair soon} Rb8 15. c3 Ne5 16. Be2 Bd8 17. Be3 Bc7
18. a4 Nd7 19. Nxc8 Rxc8 20. Rfd1 $14 {1-0 (47) Mekhitarian,K (2542)-Fernandez,
L (2402) Medellin 2017}) 9... bxc6 10. Bc4 e5 11. b3 Be7 12. Bb2 O-O 13. Qe2
Nf6 (13... Qb6 14. O-O Nf6 15. Kh1 a5 16. Na4 Qc7 17. Rae1 Nd7 18. Qd3 Bb7 19.
Qg3 Bg5 20. Rd1 $14 {1-0 (38) Adams,M (2736)-Salem,A (2638) Geneve 2017}) 14.
O-O-O $5 {A new idea, that looks very interesting. The white king is safe on
c1, because without the b-pawn, Black has a hard time creating an attack.} Be6
15. Bxe6 fxe6 16. f4 $5 (16. Kb1 Nd7 17. Na4 $14 {was the positional way to
play it.}) 16... Nd7 (16... exf4 $1 {was an important move to avoid a worse
position} 17. e5 Nd5 18. Qg4 Rf5 $1 (18... Nxc3 19. Qxe6+ Kh7 20. Bxc3 d5 21.
Kb1 $14) 19. Nxd5 cxd5 20. Rxd5 Qf8 21. Rd3 d5 $13 {and things are
double-edged here.}) 17. f5 $5 Nb6 $6 (17... exf5 18. Qc4+ Rf7 19. Qxc6 Qc8 20.
Qxc8+ Rxc8 21. Rhe1 $14 {with a better structure in the endgame.}) 18. Rhf1 (
18. g4 $1 {would be a better move order, trying to reach the same position,
but without allowing exf5.}) 18... Qd7 $2 (18... exf5 $1 {was again necessary}
19. exf5 Qc7 {threatening ...d5} 20. Ne4 Nd5 $1 {stopping f6} 21. Kb1 $14 {
Black always has to be watching the central weaknesses, and also possible
attacking ideas against his king now (connected with f6).}) 19. g4 $1 {Now
Black has real problems, because of the lack of counterplay.} a5 20. a4 $1 {
This kind of move is possible here when there is no b-pawn for Black.} Rab8 21.
Kb1 d5 $6 {Trying something, but it makes White's life even easier.} (21...
Rfd8 22. Qe1 $1 $16 {preparing to increase the attack with h4 and g5.}) 22.
fxe6 Qxe6 23. Rxf8+ Bxf8 24. exd5 cxd5 25. Nb5 $1 {Forcing ...e4, and now all
the black pawns are weak, specially the a5 one.} e4 26. Qe3 Rb7 (26... Qxg4 {
wouldn't help much} 27. Rg1 Qe6 28. Qc3 {[%csl Ra5,Rg7]} Rb7 29. Qxa5 $18) 27.
h3 Rf7 28. Nd4 Bc5 29. Qd2 {Attacking a5.} Bxd4 30. Bxd4 $18 {Now the game is
basically over, with the blockaded central pawns, and a5 falling.} Nd7 31. Qxa5
Rf3 32. Qb5 e3 33. Re1 Rxh3 34. a5 Qxg4 35. Qxd5+ Kh7 36. a6 Rh5 37. Qd6 e2 38.
a7 Ra5 39. Kb2 Qh4 40. Qxd7 {With mate on g7 to follow, if Black takes on e1.
A great win from the World's Women Champion, that crowned a superb tournament
win from her in Biel!} 1-0